000 00422nab a2200145Ia 4500
003 ES-SlBCS
005 20210601133859.0
008 140529s1979 xxu||||| |||| 00| 0 por d
041 _apor
100 1 _aMoreira, A.
_967421
245 0 0 _aEstado, Igreja e Sociedade Civil
_c A. Moreira
650 0 4 _aEstado-Iglesia
_9191425
773 0 _tRevista Portuguesa de Filosofia
_gvol. 35, 1979, págs. 337-349
_wRev379
942 _cAR
999 _c603621
_d603621